| 000 | 00673nam a22001937a 4500 | ||
|---|---|---|---|
| 005 | 20251108173540.0 | ||
| 008 | 250721s2002 xx 000 0 ara d | ||
| 082 | 1 | 4 | _a956.402/كور |
| 100 | 1 | _aكورشونوف، يفغيني | |
| 245 | 1 | 0 | _aالمخابرات الإسرائيلية " عملاء-إرهابيون-مخربون " من فضيحة إلى أخرى / |
| 264 | 1 |
_aدمشق : _bدار حوران للطباعة و النشر و التوزيع، _c2002. |
|
| 300 | _a160ص. | ||
| 650 | 1 | 7 | _aاسراايل |
| 650 | 1 | 7 | _aفلسطين |
| 650 | 1 | 7 | _aالموساد |
| 700 | 1 |
_aسليمان، مخلوف _eمترجم |
|
| 942 |
_2ddc _cBK |
||
| 999 |
_c106531 _d106531 |
||